Statistiche per L'inferno di Dante su una mappa

Clicka qui per fare il quiz!

Statistiche generali

  • Questo quiz è stato fatto 314 volte
  • Il punteggio medio è 10 su 35

Risposte nella Mappa

Le risposte nella mappa del quiz sottostante sono codificate secondo una scala di colori dal rosso al verde in base alla % di persone che hanno risposto correttamente.
 

Statistiche sulle risposte

Risposta% Corretto
Selva oscura
55%
Antinferno-Ignavi
53%
Limbo-Non Battezzati
50%
Gerusalemme
49%
Fiume Acheronte
47%
Lucifero
44%
Centro della Terra
42%
Porta dell'Inferno
41%
Lussuriosi
37%
Golgota
35%
Golosi
35%
Fiume Flegetonte
33%
Mura e città di Dite
29%
Avari e Prodighi
27%
Eretici
27%
Pozzo dei Giganti
27%
Caina-Traditori dei congiunti
26%
Giudecca-Traditori dei benefattori
25%
Stige-Iracondi e Accidiosi
24%
Alto Burrato
22%
Bestemmiatori, Usurai e Sodomiti
22%
Omicidi e Predoni
22%
Suicidi e Scialacquatori
21%
Tolomea-Traditori degli ospiti
21%
Adulatori
20%
Consiglieri fraudolenti
20%
Ladri
20%
Falsari
19%
Indovini
19%
Ipocriti
19%
Antenora-Traditori politici
18%
Barattieri
18%
Seduttori
18%
Simoniaci
18%
Seminatori di discordie
17%

Distribuzione punteggi

Percentile per numero di risposta

Percentuale di utenti per punteggio

I tuoi punteggi nel tempo

Non hai fatto questo quiz